Yog rashmi : (Record no. 144048)

MARC details
000 -LEADER
fixed length control field 00519nam a22001697a 4500
010 ## - LCCN (DPL NO)
LC control number ENG-120304
020 ## - INTERNATIONAL STANDARD BOOK NUMBER
International Standard Book Number 818706210X
Terms of availability 200.00
035 ## - SYSTEM CONTROL NUMBER
System control number EN-103836
037 ## - SOURCE OF ACQUISITION
Source of stock number/acquisition DBAD/PUB
082 ## - DEWEY DECIMAL CLASSIFICATION NUMBER
Classification number 613.7046
100 ## - MAIN ENTRY--PERSONAL NAME
Personal name Dassgupta, Rameshwar
245 ## - TITLE STATEMENT
Title Yog rashmi :
Statement of responsibility, etc by Rameshwar Dassgupta
Remainder of title english version /
260 ## - PUBLICATION, DISTRIBUTION, ETC. (IMPRINT)
Place of publication, distribution, etc New Delhi
Name of publisher, distributor, etc Richa Prakashan
Date of publication, distribution, etc 2005
270 ## - ADDRESS
Address D-36 South Extension (Part One),
City Delhi
Postal code 110049
300 ## - PHYSICAL DESCRIPTION
Extent 224p. :
Dimensions 20cm(pbk).
Other physical details ill.
942 ## - ADDED ENTRY ELEMENTS (KOHA)
Source of classification or shelving scheme Dewey Decimal Classification
Item type English Books
Classification part 613.7046
Call number suffix DAS
Holdings
Withdrawn status Lost status Not for loan Collection code Home library Current library Date acquired Source of acquisition Cost, normal purchase price Full call number Barcode Copy number Cost, replacement price Koha item type
      Non-fiction Central Jail Tihar Central Jail Tihar 05/09/2017 DBAD/PUB 200.00 613.7046 DAS EN-103836 1 200.00 English Books

© Delhi Public Library
Hit Counter
free hit counter